NLSUI OPAC header image

Understanding biodiversity : (Record no. 14440)

MARC details
000 -LEADER
fixed length control field 01150cam a2200349 a 4500
001 - CONTROL NUMBER
control field 722350
005 - DATE AND TIME OF LATEST TRANSACTION
control field 20260410074537.0
008 - FIXED-LENGTH DATA ELEMENTS--GENERAL INFORMATION
fixed length control field 970313s1997 ii b 000 0 eng
010 ## - LIBRARY OF CONGRESS CONTROL NUMBER
LC control number 97900718
020 ## - INTERNATIONAL STANDARD BOOK NUMBER
International Standard Book Number 8125009760
020 ## - INTERNATIONAL STANDARD BOOK NUMBER
International Standard Book Number 9788125009764
025 ## - OVERSEAS ACQUISITION NUMBER
Overseas acquisition number I-E-97-900718; 49-13
035 ## - SYSTEM CONTROL NUMBER
System control number 722350
040 ## - CATALOGING SOURCE
Original cataloging agency DLC
Transcribing agency DLC
Modifying agency DLC
042 ## - AUTHENTICATION CODE
Authentication code lcode
082 ## - DEWEY DECIMAL CLASSIFICATION NUMBER
Classification number 344.046 KOT
100 1# - MAIN ENTRY--PERSONAL NAME
Personal name Kothari, Ashish
245 10 - TITLE STATEMENT
Title Understanding biodiversity :
Remainder of title life, sustainability, and equity /
Statement of responsibility, etc. Ashish Kothari
260 ## - PUBLICATION, DISTRIBUTION, ETC.
Place of publication, distribution, etc. New Delhi :
Name of publisher, distributor, etc. Orient Longman,
Date of publication, distribution, etc. 1997.
300 ## - PHYSICAL DESCRIPTION
Extent xv, 161 p. ;
Dimensions 22 cm.
365 ## - TRADE PRICE
Price amount Rs. 75
490 1# - SERIES STATEMENT
Series statement Tracts for the times ;
Volume/sequential designation 11
504 ## - BIBLIOGRAPHY, ETC. NOTE
Bibliography, etc. note Includes bibliographical references.
650 #0 - SUBJECT ADDED ENTRY--TOPICAL TERM
Topical term or geographic name entry element Biodiversity conservation
Geographic subdivision India.
650 #0 - SUBJECT ADDED ENTRY--TOPICAL TERM
Topical term or geographic name entry element Biodiversity conservation
General subdivision Economic aspects
Geographic subdivision India.
650 #0 - SUBJECT ADDED ENTRY--TOPICAL TERM
Topical term or geographic name entry element Biodiversity
Geographic subdivision India.
830 #0 - SERIES ADDED ENTRY--UNIFORM TITLE
Uniform title Tracts for the times (New Delhi, India) ;
Volume/sequential designation 11.
906 ## - LOCAL DATA ELEMENT F, LDF (RLIN)
a 7
b cbc
c origode
d 3
e ncip
f 19
g y-gencatlg
942 ## - ADDED ENTRY ELEMENTS (KOHA)
Source of classification or shelving scheme Dewey Decimal Classification
Koha item type BOOKs
Holdings
Withdrawn status Lost status Damaged status Not for loan Home library Current library Shelving location Date acquired Cost, normal purchase price Total Checkouts Full call number Barcode Date last seen Price effective from Koha item type Public note
        . . Library Compactors 30.05.2017 75.00   344.046 KOT 11845 30.05.2017 30.05.2017 BOOKs  
        . .   30.05.2017 75.00   344.046 KOT 14223 14.06.2024 30.05.2017 BOOKs PAMPHLET TYPE
        . .   30.05.2017 75.00   344.046 KOT-3 14645 14.06.2024 30.05.2017 BOOKs PAMPHLET TYPE